000 01316nam a2200229Ia 4500
001 19412
003 GE_BSU
008 181216s||||||||xx |||||||||||||| ||und||
040 _cGE_BSU
245 _aიბერიულ-კავკასიური ენათმეცნიერება XIV иберийско-кавказское языкознание=IVERO-CAUCASIA
245 _bეძღვნება ვარლამ ტრიფონის ძე თოფურიას დაბადების სამოცი წლისა და სამეცნიერო და პედაგოგიური მოღვაწეობის ოცდათხუტმტი წლისთავს.
245 _cრედ:ქ.ლომთათიძე,ვლ.ფანჩვიძე
260 _aთბილისი
260 _bმეცნიერება
260 _c1964
300 _a397გვ; 1 ფოტ.პორტ.26სმ.
300 _bვ.თოფურიას დაბეჭდილი შრომების ბიბლიოგრაფია
541 _h4ლ.68თ.
653 _aიბერიულ-კავკასიური ენათმეცნიერება
653 _aქართული ენა
942 _cBK
999 _c52392
_d52392